LEADER 01146cam0 22002413 450 001 SOB0000001441 005 20230726092904.0 100 $a20010206d1853 |||||ita|0103 ba 101 $aita 102 $aIT 200 1 $aRelazione alla facoltà di Leggi della Regia Università di Torino nella pubblica largizione del premio aggiudicato nel concorso tra gli studenti del corso completo di leggi per l'anno 1852$fPasquale Stanislao Mancini 210 $aTorino$cStamperia Reale$d1853 215 $a30 p.$d29 cm 700 1$aMancini$b, Pasquale Stanislao$3AF00004597$4070$0446854 801 0$aIT$bUNISOB$c20230726$gRICA 850 $aUNISOB 852 $aUNISOB$j340|Coll|5|K$m53212 912 $aSOB0000001441 940 $aM 102 Monografia moderna SBN 941 $aM 957 $a340|Coll|5|K$b000005$gSI$d53212$rACQUISTO$1Alfano$2UNISOB$3UNISOB$420230704094428.0$520230726092847.0$6Alfano$fFotocopia dell'originale 996 $aRelazione alla facoltà di Leggi della Regia Università di Torino nella pubblica largizione del premio aggiudicato nel concorso tra gli studenti del corso completo di leggi per l'anno 1852$91678730 997 $aUNISOB